Stamp duty and leases. (Record no. 60523)
[ view plain ]
| 000 -LEADER | |
|---|---|
| fixed length control field | 00851cam a2200193 4500 |
| 001 - CONTROL NUMBER | |
| control field | ABS60868 |
| 008 - FIXED-LENGTH DATA ELEMENTS--GENERAL INFORMATION | |
| fixed length control field | 000000n1999 000 0 eng u |
| 035 ## - SYSTEM CONTROL NUMBER | |
| System control number | (Sirsi) u101379 |
| 245 ## - TITLE STATEMENT | |
| Title | Stamp duty and leases. |
| 260 ## - PUBLICATION, DISTRIBUTION, ETC. | |
| Date of publication, distribution, etc. | 1999 |
| 490 ## - SERIES STATEMENT | |
| Series statement | Law Society's Gazette |
| Volume/sequential designation | 6(24) 16 June 1999, 45(1) |
| 520 ## - SUMMARY, ETC. | |
| Summary, etc. | Reprints a Stamp Office customer newsletter relating to the new approach to leases which contain rent review clauses linked to changes in the RPI. Indicates that where there is a formula in the lease for rent reviews based on the RPI, only the change in RPI between the date the lease begins and the date it is executed will be taken into account in working out stamp duty. |
| 650 ## - SUBJECT ADDED ENTRY--TOPICAL TERM | |
| Topical term or geographic name entry element | STAMP DUTY |
| 650 ## - SUBJECT ADDED ENTRY--TOPICAL TERM | |
| Topical term or geographic name entry element | ALL ITEMS RETAIL PRICES INDEX |
| 650 ## - SUBJECT ADDED ENTRY--TOPICAL TERM | |
| Topical term or geographic name entry element | RENT REVIEW CLAUSES |
| 650 ## - SUBJECT ADDED ENTRY--TOPICAL TERM | |
| Topical term or geographic name entry element | LEASES |
| 690 ## - LOCAL SUBJECT ADDED ENTRY--TOPICAL TERM (OCLC, RLIN) | |
| Topical term or geographic name as entry element | TAXATION |
| 942 ## - ADDED ENTRY ELEMENTS (KOHA) | |
| Suppress in OPAC | 0 |
| Withdrawn status | Lost status | Source of classification or shelving scheme | Damaged status | Not for loan | Home library | Current library | Shelving location | Date acquired | Total Checkouts | Full call number | Barcode | Date last seen | Copy number | Price effective from | Koha item type |
|---|---|---|---|---|---|---|---|---|---|---|---|---|---|---|---|
| Dewey Decimal Classification | London | London | Journal article | 04/11/1999 | ABS60868 | 101379-1001 | 06/08/2019 | 1 | 06/08/2019 | Journal article |